| Tag |
First Indicator |
Second Indicator |
Subfields |
| LEADER |
00000cam a22000005i 4500 |
| 001 |
in00000685751 |
| 005 |
20151016050525.0 |
| 008 |
790427r1906 caua 00000 eng d |
| 010 |
|
|
|a a 12000593
|
| 035 |
|
|
|a (OCoLC)04905366
|
| 035 |
|
|
|9 ADA4904AM
|
| 040 |
|
|
|a CUR
|c CUR
|d TXA
|d UtOrBLW
|
| 049 |
|
|
|a TXAM
|c [54881]
|
| 090 |
|
|
|a QE1
|b .C15 v. 4, no. 15
|
| 100 |
1 |
|
|a Munteanu-Murgoci, George,
|d 1872-
|
| 245 |
1 |
4 |
|a I.--Contribution to the classification of the amphiboles :
|b II. On some glaucophane schists, syenites, etc.
|
| 264 |
|
1 |
|a Berkeley, CA :
|b University of California Press,
|c 1906.
|
| 300 |
|
|
|a 359-396 pages :
|b illustrations ;
|c 27 cm.
|
| 336 |
|
|
|a text
|b txt
|2 rdacontent
|
| 337 |
|
|
|a unmediated
|b n
|2 rdamedia
|
| 338 |
|
|
|a volume
|b nc
|2 rdacarrier
|
| 490 |
1 |
|
|a University of California publications in geological sciences, v. 4, no. 15
|
| 650 |
|
0 |
|a Amphiboles.
|
| 650 |
|
0 |
|a Petrology
|z California.
|
| 830 |
|
0 |
|a University of California publications in geological sciences ;
|v v. 4, no. 15.
|
| 999 |
|
|
|a MARS
|
| 999 |
f |
f |
|s bc98d396-08ba-35ca-b68a-1ec4d167073f
|i dd83db7a-9ba5-38ef-85ac-c12e165b312c
|t 0
|
| 952 |
f |
f |
|a Texas A&M University
|b College Station
|c Sterling C. Evans Library
|s Evans stk
|d Evans: Library Stacks
|t 0
|e QE1 .C15 v.4
|h Library of Congress classification
|
| 998 |
f |
f |
|a QE1 .C15 v.4
|t 0
|l Evans: Library Stacks
|